000 00292nam a2200121Ia 4500
008 190216s9999||||xx |||||||||||||| ||und||
100 _aLittle Wood S R
245 0 _aShort Modern Plays
260 _bMac Millian And Com. Ltd
_c1954
300 _a234p
650 _aEnglish Drama
942 _cBK
999 _c11703
_d11703